Antología de Pedro Gómez Valderrama : (Record no. 2410)
[ view plain ]
| 000 -CABECERA | |
|---|---|
| campo de control de longitud fija | 00793cam a2200205 a 4500 |
| 001 - NÚMERO DE CONTROL | |
| campo de control | 000002574 |
| 005 - FECHA Y HORA DE LA ÚLTIMA TRANSACCIÓN | |
| campo de control | 20200929150221.0 |
| 008 - DATOS DE LONGITUD FIJA--INFORMACIÓN GENERAL | |
| campo de control de longitud fija | 961004s1995 ck b 000 p spa |
| 040 ## - FUENTE DE LA CATALOGACIÓN | |
| Centro catalogador/agencia de origen | DO-SdBNP |
| Lengua de catalogación | spa |
| Centro/agencia transcriptor | BNPHU |
| 082 ## - NÚMERO DE LA CLASIFICACIÓN DECIMAL DEWEY | |
| Número de clasificación | C861.0864 |
| Número de documento/Ítem | G633a |
| 100 1# - ENTRADA PRINCIPAL--NOMBRE DE PERSONA | |
| Nombre de persona | Gómez Valderrama, Pedro, |
| Fechas asociadas al nombre | 1923-1992 |
| 9 (RLIN) | 8103 |
| 245 10 - MENCIÓN DE TÍTULO | |
| Título | Antología de Pedro Gómez Valderrama : |
| Resto del título | prosa y poesía / |
| Mención de responsabilidad, etc. | prólogo y selección por Jorge Eliécer Ruiz. |
| 260 ## - PUBLICACIÓN, DISTRIBUCIÓN, ETC. | |
| Lugar de publicación, distribución, etc. | Santafé de Bogotá [Colombia] : |
| Nombre del editor, distribuidor, etc. | Instituto Caro y Cuervo, |
| Fecha de publicación, distribución, etc. | 1995. |
| 300 ## - DESCRIPCIÓN FÍSICA | |
| Extensión | 324 p. ; |
| Dimensiones | 20 cm. |
| 440 #3 - MENCIÓN DE SERIE/PUNTO DE ACCESO ADICIONAL--TÍTULO | |
| Título | La Granada entreabierta ; |
| Designación de volumen o secuencia | 75 |
| 9 (RLIN) | 8104 |
| 504 ## - NOTA DE BIBLIOGRAFÍA, ETC. | |
| Nota de bibliografía, etc. | Incluye referencias bibliográficas p. 33-47. |
| 650 #4 - PUNTO DE ACCESO ADICIONAL DE MATERIA--TÉRMINO DE MATERIA | |
| Término de materia o nombre geográfico como elemento de entrada | Poesía colombiana |
| Subdivisión general | Colecciones |
| 9 (RLIN) | 8105 |
| 650 #4 - PUNTO DE ACCESO ADICIONAL DE MATERIA--TÉRMINO DE MATERIA | |
| Término de materia o nombre geográfico como elemento de entrada | Literatura colombiana |
| Subdivisión general | Colecciones |
| 9 (RLIN) | 8106 |
| 700 1# - PUNTO DE ACCESO ADICIONAL--NOMBRE DE PERSONA | |
| Nombre de persona | Ruiz, Jorge Eliécer. |
| 9 (RLIN) | 6259 |
| Estado de retiro | Estado de pérdida | Restricciones de uso | No para préstamo | Código de colección | Localización permanente | Ubicación/localización actual | Ubicación en estantería | Fecha de adquisición | Número de inventario | Total de préstamos | Signatura topográfica completa | Código de barras | Fecha visto por última vez | Precio válido a partir de | Tipo de ítem Koha |
|---|---|---|---|---|---|---|---|---|---|---|---|---|---|---|---|
| Préstamo interno | Monografías: Libros y Folletos | General | General | Depósito | 03.07.2009 | LF1 | C861.0864 G633a | 2574-10 | 25.06.2020 | 25.06.2020 | Préstamo interno |
